000 00555nam a2200193Ia 4500
005 20250508162755.0
008 008 250505s9999 xx 000 0 eng d
020 _a81-85 613-39-0
037 _aTextual
040 _aFEDL
_beng
_cFEDL
041 _aeng
_2eng
084 _a378.54, SUL
_qFEDL
100 _aSulochana M
_9578067
245 0 _aFinancial management of higher education in India
260 _aAllahabad, India
_bChugh Publications
_c1991
300 _aix,371p
942 _cTEXL
_h378.54, SUL
999 _c1378623
_d1378623